Responses for Show #4910 - Friday, January 6, 2006

Tom Kavanaugh game 7.

Contestants

[<< previous game]

Joseph Willis, an attorney from Louisville, Kentucky

Eve Bjork, a stay-at-home mom from Berwyn, Illinois

Tom Kavanaugh, a writer from St. Louis, Missouri (whose 6-day cash winnings total $114,201)

[next game >>]

Jeopardy! Round responses

THE VICE PRESIDENT WHO...
PATRIOTIC SONGS' OTHER LYRICS
(Alex: You have to give us the song's title, of course.)
ROANOKE COLONY
"B" BOYS
IT'S STRICTLY BUSINESS
ADVERBS
    $200 26
Aaron Burr

Tom
    $200 21
"America" ("My Country, 'Tis Of Thee" accepted)

Eve
    $200 6
Elizabeth (I)

Joseph
    $200 1
Daniel Boone

Eve
    $200 9
Campbell's

Tom
    $200 15
positively

Tom
    $400 27
Dan Quayle

Eve
    $400 22
"America The Beautiful"

Eve
    $400 7
(Alex: They did it from [*].)

Plymouth

Triple Stumper
    $400 2
(Mathew) Brady

Joseph
    $400 12
Coppertone

Eve
    $400 16
softly

Eve
    $600 28
Agnew

Joseph
    $600 23
"When Johnny Comes Marching Home"

Joseph
    $600 8
tobacco

Eve
    $600 3
Jimmy Buffett

Triple Stumper
    $600 13
Discover

Joseph
    $600 17
academically

Eve
    $800 29
Walter Mondale

Triple Stumper
    $800 24
"Yankee Doodle"

Eve
    $800 10
Virginia Dare

Tom
    $400 4
(Karl) Benz

Joseph
    $800 14
the American Stock Exchange

Triple Stumper
    $800 18
triannually (or triennially)

Tom
    $1000 30
(Tom: Who was Harry Truman?)
(Alex: Nope... Eve or Joseph? Vice President was [*]. Truman came later.)

Henry Wallace

Tom
Triple Stumper
    $1000 25
"You're A Grand Old Flag"

Joseph
    $1000 11
croatoan

Tom
    $1000 5
St. Basil

Tom
    $1000 20
Traveler's

Joseph
    $1000 19
literally

Joseph

Scores at the first commercial break (after clue 15):

Tom Eve Joseph
$3,200 $1,200 $1,600

Scores at the end of the Jeopardy! Round:

Tom Eve Joseph
$3,200 $4,000 $5,800

Double Jeopardy! Round responses

TURKMENISTAN, MY LOVE
STREET-WISE TV
A WHITE WATER GLOSSARY
ANIMALISTIC FICTIONAL CHARACTERS
EVENING NEWS 1893
NOT ADVERBS
(Alex: ...although each of the correct responses will end in the "L-Y" sound.)
    $400 1
president

Tom
    $400 21
Sesame Street

Eve
    $400 26
(Joseph: What is 5?)
(Alex: No. Tom or Eve? Believe it or not, it goes up to [*]. You don't want to mess with a [*].)

6

Joseph
Triple Stumper
    $400 11
the Jackal

Joseph
    $400 15
blacksmiths

Joseph
    $400 6
Sicily

Tom
    $800 2
(Eve: What is the Ottoman Empire?)

the Russian Empire

Eve
Triple Stumper
    $800 22
Hill Street Blues

Joseph
    $800 27
run

Joseph
    $800 12
Piggy

Joseph
    $800 16
Grover Cleveland

Tom
    $800 7
Langley

Tom
    $1200 3
a desert

Joseph
    $1200 23
21 Jump Street

Tom
    $1200 28
cubic feet per second

Joseph
    $1200 13
Alexander Portnoy

Triple Stumper
    $1200 18
(Alex: Aren't too many states on the West Coast. In this case, it was [*] State.)

Washington

Triple Stumper
    $2,000 8
(Andrew) McNally

Tom
    $1600 4
(Tom: What is the Black Sea?)

the Caspian

TomJoseph
    $1600 24
Fleet Street

Tom
    $1600 29
(Eve: What is a cleat?)

the tongue

Eve
Triple Stumper
    $1600 14
Mouse

Triple Stumper
    $1600 19
cholera

Triple Stumper
    $1600 9
Horace Greeley

Tom
    $2,400 5
(Joseph: What is Russia?)
(Alex: No. There's Kazakhstan, Uzbekistan, Afghanistan, and the fourth is [*]. [*].)

Iran

Joseph
    $2000 25
Wall Street Week

Joseph
    $2000 30
(Alex: And that is known as [*]. [*]--holds on to you.)

a keeper

Triple Stumper
    $2000 17
Goat-boy

Triple Stumper
    $2000 20
anarchism

Tom
    $2000 10
Orly

Eve

Scores at the end of the Double Jeopardy! Round:

Tom Eve Joseph
$12,400 $4,000 $12,200

[wagering suggestions for these scores]

Final Jeopardy! Round responses

AFRICAN-AMERICAN ACTRESSES
(Alex: Good film. Eve, I hope you saw it, because you'd have no trouble coming up with a correct response.)
...
(Alex: You're absolutely right. Whoopi Goldberg, Oprah Winfrey, and Margaret Avery were the three actresses.)
EveWhat is the Color Purple?
$3,719
JosephWhat is The Color Purple?
$4,000
TomWhat is The Color Purple
$12,001
The Color Purple

Final scores:

Tom Eve Joseph
$24,401 $7,719 $16,200
7-day champion: $138,602 3rd place: $1,000 2nd place: $2,000

Game dynamics:

Coryat scores:

Tom Eve Joseph
$11,600 $4,000 $15,000
16 R
(including 1 DD),
2 W
11 R,
2 W
18 R
(including 1 DD),
2 W
(including 1 DD)

Combined Coryat: $30,600

[game clues] [game scores] [suggest correction]

Game tape date: 2005-10-25
The J! Archive is created by fans, for fans. Scraping, republication, monetization, and malicious use prohibited; this site may use cookies and collect identifying information. See terms. The Jeopardy! game show and all elements thereof, including but not limited to copyright and trademark thereto, are the property of Jeopardy Productions, Inc. and are protected under law. This website is not affiliated with, sponsored by, or operated by Jeopardy Productions, Inc. Join the discussion at JBoard.tv.